000 00325nam a2200133Ia 4500
008 150201s2004 xx 000 0 und d
082 _a610.01
_bM04W
100 _aWHO
245 _aMEDICAL RECORDS MANUAL
250 _a1ST
260 _bAITBS
_aDELHI
_c2004
650 _aOTHER CLINICAL & NON CLINICAL BOOKS
942 _2ddc
_cBK
999 _c1147
_d1147